| 000 | 00570 a2200169 4500 | ||
|---|---|---|---|
| 020 | _a0691032440 | ||
| 020 | _a9780691032443 | ||
| 082 | _a658.4033 | ||
| 090 |
_c914 _d914 |
||
| 100 | 1 | _aTopkis, Donald M. | |
| 245 | 1 | 0 |
_aSupermodularity and complementarity / _cDonald M. Topkis. |
| 260 |
_a[S.l.] : _bPrinceton University Press, _c1998. |
||
| 300 |
_a312 p. ; _c24 cm. |
||
| 700 | _aTopkis, Donald M. | ||
| 942 |
_aSNS _cBK _k658.4033 TOP |
||
| 999 |
_c29536 _d29536 |
||